Top 10 European Countries that produce the most oil - Statistics

General Stats
  • This quiz has been taken 37 times
  • The average score is 8 of 10
Answer Stats
Rank Country % Correct
2 Norway
94%
1 Russia
94%
3 United Kingdom
94%
8 Germany
91%
5 Italy
79%
7 Romania
76%
6 Denmark
71%
9 Belarus
62%
10 Hungary
59%
4 Turkey
53%
No matching quizzes found
Score Distribution
Percent of People with Each Score
Percentile by Number Answered
Your Score History
You have not taken this quiz